000 00601cam a2200217 4500500
005 20260329001347.0
041 _afre
042 _adc
100 1 0 _aThoraval, Joël
_eauthor
245 0 0 _aL’instrument de l’Empire
260 _c2006.
500 _a73
690 _aBien
690 _aChemin
690 _aConfucius
690 _aHumain
690 _aLexique
690 _aMéthode
786 0 _nPhilosophie magazine | 3 | 8-9 | 2006-09-01 | p. 27-27 | 1951-1787
856 4 1 _uhttps://shs.cairn.info/magazine-philosophie-magazine-2006-8-9-page-27?lang=fr&redirect-ssocas=7080
999 _c1804639
_d1804639